[Event "FRA-ch U16 Girls"]
[Site "Montlucon"]
[Date "2011.04.23"]
[Round "8"]
[White "Rei Rosa, Sophie"]
[Black "Feller, Alice"]
[Result "0-1"]
[WhiteElo "1700"]
[BlackElo "1560"]
[PlyCount "116"]
[EventDate "2011.04.17"]
[EventType "swiss"]
[EventRounds "9"]
[EventCountry "FRA"]
[SourceTitle "CBM 142 Extra"]
[Source "ChessBase"]
[SourceDate "2011.06.27"]
[SourceVersion "1"]
[SourceVersionDate "2011.06.27"]
[SourceQuality "1"]

1. d4 Nf6 2. Nf3 g6 3. Bf4 Bg7 4. e3 d6 5. h3 0-0 6. Be2 c5 7. c3 Nbd7 8. Nbd2 a6 9. a4 b6 10. 0-0 Bb7 11. Qc2 Rc8 12. Bh2 cxd4 13. exd4 Qc7 14. Rfe1 Rfe8 15. Bd3 Nb8 16. Ne4 Nxe4 17. Bxe4 Nc6 18. Qd3 Na5 19. Bxb7 Qxb7 20. Re2 Nc6 21. Rae1 Rcd8 22. Qe4 Qd7 23. Qd5 h6 24. Qc4 Qb7 25. Re3 Bf8 26. Qb3 Na5 27. Qc2 Nc4 28. Re4 b5 29. axb5 axb5 30. Nd2 Nxd2 31. Qxd2 Qd7 32. Bf4 Kh7 33. Bxh6 Bg7 34. Rh4 Rh8 35. Bg5+ Kg8 36. Rxh8+ Bxh8 37. Rxe7 Qf5 38. Rxf7 Kxf7 39. Bxd8 Bf6 40. Bxf6 Qxf6 41. g3 Kg7 42. f4 Qf5 43. Kg2 Qe4+ 44. Kf2 Kf6 45. d5 Kf7 46. Qe2 Qxd5 47. Ke3 Qe6+ 48. Kf3 Qxh3 49. Qg2 Qh5+ 50. Ke3 Qc5+ 51. Kd3 Qc4+ 52. Kd2 d5 53. Qe2 Qb3 54. Ke3 b4 55. Kd4 Kf8 56. g4 bxc3 57. bxc3 Qa4+ 58. Ke5 Qe8+ 0-1

[Event "FRA-ch U16 Girls"]
[Site "Montlucon"]
[Date "2011.04.22"]
[Round "7"]
[White "Feller, Alice"]
[Black "Finkel, Anne Sophie"]
[Result "1/2-1/2"]
[WhiteElo "1560"]
[BlackElo "1700"]
[PlyCount "71"]
[EventDate "2011.04.17"]
[EventType "swiss"]
[EventRounds "9"]
[EventCountry "FRA"]
[SourceTitle "CBM 142 Extra"]
[Source "ChessBase"]
[SourceDate "2011.06.27"]
[SourceVersion "1"]
[SourceVersionDate "2011.06.27"]
[SourceQuality "1"]

1. d4 c5 2. d5 Nf6 3. Nf3 g6 4. Bg5 Bg7 5. c3 d6 6. Bxf6 Bxf6 7. e4 0-0 8. Bd3 Qb6 9. Qc2 Nd7 10. Nbd2 Ne5 11. Nxe5 Bxe5 12. Nc4 Qc7 13. Nxe5 dxe5 14. c4 e6 15. 0-0 f5 16. f3 exd5 17. cxd5 Bd7 18. Rac1 Qb6 19. Qxc5 Qxb2 20. Qc3 Qxc3 21. Rxc3 Rac8 22. Rfc1 Rxc3 23. Rxc3 Rc8 24. Rxc8+ Bxc8 25. Kf2 Kf7 26. Ke3 Ke7 27. Kd2 Kd6 28. Kc3 Kc5 29. a4 Bd7 30. Bc2 a6 31. g3 b5 32. axb5 axb5 33. Bb1 fxe4 34. fxe4 g5 35. Bc2 h6 36. Bb1 1/2-1/2

[Event "FRA-ch U16 Girls"]
[Site "Montlucon"]
[Date "2011.04.21"]
[Round "6"]
[White "Dubois, Marie"]
[Black "Feller, Alice"]
[Result "0-1"]
[WhiteElo "1706"]
[BlackElo "1560"]
[PlyCount "89"]
[EventDate "2011.04.17"]
[EventType "swiss"]
[EventRounds "9"]
[EventCountry "FRA"]
[SourceTitle "CBM 142 Extra"]
[Source "ChessBase"]
[SourceDate "2011.06.27"]
[SourceVersion "1"]
[SourceVersionDate "2011.06.27"]
[SourceQuality "1"]

1. d4 Nf6 2. c4 e6 3. Nc3 Bb4 4. Nf3 c5 5. e3 0-0 6. Be2 d5 7. 0-0 dxc4 8. Bxc4 b6 9. a3 Bxc3 10. bxc3 Bb7 11. Nd2 Re8 12. Bb2 Qc7 13. Rc1 Nbd7 14. Qb3 Ng4 15. g3 Ndf6 16. Bb5 Red8 17. Be2 h5 18. h3 Nh6 19. Bf3 Bxf3 20. Nxf3 Ne4 21. Qc2 Qb7 22. Nd2 Nxd2 23. Qxd2 Nf5 24. Qe2 g6 25. e4 Ne7 26. Rfe1 Nc6 27. Rcd1 Na5 28. f4 Qc8 29. g4 hxg4 30. Qxg4 Nc4 31. Bc1 Kg7 32. Rf1 f5 33. exf5 exf5 34. Qg5 Re8 35. Rde1 Qd7 36. Rd1 Ne3 37. Bxe3 Rxe3 38. dxc5 Rd3 39. Rde1 Re8 40. cxb6 axb6 41. h4 Rh3 42. Rxe8 Qxe8 43. Qg2 Qe3+ 44. Rf2 Rg3 45. Kh2 0-1

[Event "FRA-ch U12 Girls"]
[Site "Le Grand Bornand"]
[Date "2007.04.??"]
[Round "4"]
[White "Feller, Alice"]
[Black "Aggoune, Audessa"]
[Result "1/2-1/2"]
[WhiteElo "1570"]
[BlackElo "1620"]
[PlyCount "53"]
[EventDate "2007.04.07"]
[EventType "swiss"]
[EventRounds "9"]
[EventCountry "FRA"]
[SourceTitle "CBM 118 Extra"]
[Source "ChessBase"]
[SourceDate "2007.07.04"]
[SourceVersion "1"]
[SourceVersionDate "2007.07.04"]
[SourceQuality "1"]

1. d4 d5 2. Bg5 Nf6 3. Bxf6 gxf6 4. Nf3 Bf5 5. e3 a6 6. c4 dxc4 7. Bxc4 Rg8 8. Rg1 e6 9. Nc3 Bd6 10. h3 h5 11. Qd2 Nd7 12. e4 Bh7 13. Qe3 Qe7 14. Qe2 0-0-0 15. g3 Rg7 16. Nd2 Bg6 17. Nb3 Rdg8 18. a3 e5 19. Nd5 Qe8 20. Bxa6 Bxe4 21. Bxb7+ Kxb7 22. Na5+ Kb8 23. Nc6+ Kb7 24. Na5+ Kb8 25. Nc6+ Kb7 26. Na5+ Kb8 27. Nc6+ 1/2-1/2

[Event "FRA-ch U12 Girls"]
[Site "Le Grand Bornand"]
[Date "2007.04.??"]
[Round "6"]
[White "Feller, Alice"]
[Black "Belafkih, Kimia"]
[Result "1-0"]
[WhiteElo "1570"]
[BlackElo "1600"]
[PlyCount "43"]
[EventDate "2007.04.07"]
[EventType "swiss"]
[EventRounds "9"]
[EventCountry "FRA"]
[SourceTitle "CBM 118 Extra"]
[Source "ChessBase"]
[SourceDate "2007.07.04"]
[SourceVersion "1"]
[SourceVersionDate "2007.07.04"]
[SourceQuality "1"]

1. d4 d5 2. Bg5 Nf6 3. Bxf6 gxf6 4. Nf3 Nc6 5. e3 e5 6. c4 dxc4 7. Bxc4 exd4 8. exd4 Bb4+ 9. Nc3 Bg4 10. d5 Ne5 11. Qa4+ Nd7 12. Qxb4 b6 13. 0-0-0 Nc5 14. Bb5+ Nd7 15. Rhe1+ Be6 16. Bxd7+ Qxd7 17. dxe6 Qxd1+ 18. Nxd1 fxe6 19. Rxe6+ Kf7 20. Qe7+ Kg6 21. Qxf6+ Kh5 22. Qf5# 1-0

[Event "FRA-ch U12 Girls"]
[Site "Aix les Bains"]
[Date "2006.??.??"]
[Round "4"]
[White "Feller, Alice"]
[Black "Colin, Phanie"]
[Result "1/2-1/2"]
[WhiteElo "1640"]
[BlackElo "1420"]
[PlyCount "85"]
[EventDate "2006.04.16"]
[EventType "swiss"]
[EventRounds "9"]
[EventCountry "FRA"]
[SourceTitle "EXT 2007"]
[Source "ChessBase"]
[SourceDate "2006.11.23"]
[SourceVersion "1"]
[SourceVersionDate "2006.11.23"]
[SourceQuality "1"]

1. d4 Nf6 2. Bg5 g6 3. Bxf6 exf6 4. e3 Bg7 5. Bd3 0-0 6. Nf3 d6 7. c4 Nd7 8. Nc3 a6 9. 0-0 f5 10. Qb3 Nf6 11. Qc2 Re8 12. Rae1 d5 13. Ne5 Ne4 14. Bxe4 dxe4 15. c5 Bxe5 16. dxe5 Rxe5 17. b4 a5 18. a3 Qd3 19. Qxd3 exd3 20. Rd1 axb4 21. axb4 Ra3 22. Rxd3 Be6 23. Rd8+ Kg7 24. Nb1 Rb3 25. Rd4 Rd5 26. Rxd5 Bxd5 27. Nd2 Rxb4 28. Rc1 b6 29. cxb6 Rxb6 30. Nf3 Kf6 31. Kf1 Rb8 32. Nd4 Rc8 33. g3 c5 34. Ne2 Ke5 35. Nf4 c4 36. Nxd5 Kxd5 37. Ke2 Ke4 38. f3+ Kd5 39. Rd1+ Kc5 40. Rc1 Kb4 41. Kd2 Kb3 42. Rc3+ Kb4 43. Kc2 1/2-1/2

[Event "FRA-chT U20"]
[Site "Mulhouse"]
[Date "2005.12.20"]
[Round "7"]
[White "Savalle, Alexandre"]
[Black "Feller, Alice"]
[Result "1/2-1/2"]
[WhiteElo "1710"]
[BlackElo "1420"]
[PlyCount "65"]
[EventDate "2005.12.??"]
[EventType "team"]
[EventRounds "11"]
[EventCountry "FRA"]
[SourceTitle "EXT 2007"]
[Source "ChessBase"]
[SourceDate "2006.11.23"]
[SourceVersion "1"]
[SourceVersionDate "2006.11.23"]
[SourceQuality "1"]
[WhiteTeam "Sautron"]
[BlackTeam "Nancy"]
[WhiteTeamCountry "FRA"]
[BlackTeamCountry "FRA"]

1. e4 d5 2. exd5 Qxd5 3. Nc3 Qa5 4. d4 Nf6 5. Nf3 Bg4 6. h3 Bh5 7. g4 Bg6 8. Ne5 Nbd7 9. Nxd7 Nxd7 10. Bg2 c6 11. Bd2 h6 12. d5 c5 13. f4 h5 14. g5 Bf5 15. Ne4 Qa4 16. Qe2 Bxe4 17. Bxe4 Nb6 18. b3 Qd7 19. c4 g6 20. Bc3 Rg8 21. Rd1 Bg7 22. Bxg7 Rxg7 23. Qb2 Rg8 24. Qe5 Qd6 25. Qxd6 exd6 26. Kf2 Kd8 27. Rhe1 Kc7 28. a3 a5 29. a4 Nd7 30. Re2 Rae8 31. Rde1 Kd8 32. h4 b6 33. Bg2 1/2-1/2

[Event "FRA-chT U20 0506"]
[Site "France"]
[Date "2005.11.13"]
[Round "3.6"]
[White "Wurtz, Guillaume"]
[Black "Feller, Alice"]
[Result "1-0"]
[WhiteElo "1770"]
[BlackElo "1420"]
[PlyCount "99"]
[EventDate "2005.11.12"]
[EventType "team"]
[EventRounds "3"]
[EventCountry "FRA"]
[SourceTitle "CBM 109 Extra"]
[Source "ChessBase"]
[SourceDate "2006.01.03"]
[SourceVersion "2"]
[SourceVersionDate "2006.01.03"]
[SourceQuality "1"]

1. e4 Nc6 2. d4 d5 3. e5 Bf5 4. c3 f6 5. f4 e6 6. Nf3 Be7 7. Be3 Qd7 8. Nbd2 Nh6 9. h3 a6 10. Be2 Na5 11. b4 Nc6 12. Nb3 b6 13. Nbd2 a5 14. a3 0-0 15. 0-0 Rfc8 16. Bb5 axb4 17. cxb4 Ra7 18. Qc1 Rb8 19. Bxc6 Qd8 20. Bb5 Rc8 21. Be2 Qf8 22. Kh1 c5 23. bxc5 bxc5 24. dxc5 Bxc5 25. Bxc5 Rxc5 26. Qb2 Rc2 27. Qb4 Qa8 28. Rfd1 Rb7 29. Qd4 Rbc7 30. Bd3 Bxd3 31. Qxd3 R2c3 32. Qf1 Nf5 33. Qg1 Ng3+ 34. Kh2 Ne2 35. Qf2 Nxf4 36. exf6 Nh5 37. fxg7 Rxg7 38. Qd4 Rc8 39. Qe5 Ng3 40. Qxe6+ Kh8 41. Re1 Rcg8 42. Qe5 Ne4 43. Nxe4 dxe4 44. Rxe4 Qa7 45. Rg4 Qd7 46. Rxg7 Rxg7 47. Re1 Qd3 48. Qb2 Qg6 49. a4 h5 50. a5 1-0

[Event "FRA-chT U20a 0405"]
[Site "France"]
[Date "2005.05.14"]
[Round "8.7"]
[White "Kohi, Armand"]
[Black "Feller, Alice"]
[Result "1-0"]
[WhiteElo "1380"]
[BlackElo "1520"]
[PlyCount "80"]
[EventDate "2004.11.19"]
[EventType "team"]
[EventRounds "11"]
[EventCountry "FRA"]
[SourceTitle "EXT 2006"]
[Source "ChessBase"]
[SourceDate "2005.11.24"]
[SourceVersion "1"]
[SourceVersionDate "2005.11.24"]
[SourceQuality "1"]

1. c4 d6 2. Nc3 Nd7 3. d4 g6 4. Nf3 Bg7 5. e4 e5 6. d5 Ngf6 7. Bd3 a6 8. 0-0 0-0 9. Bd2 Nc5 10. Bc2 Qe7 11. b4 Ncd7 12. Qc1 Rb8 13. a4 c5 14. b5 a5 15. Bh6 Ng4 16. Bxg7 Kxg7 17. Qd2 b6 18. Bd1 h6 19. h3 Ngf6 20. Nh2 Bb7 21. f4 Rh8 22. h4 Nh7 23. g3 Rbf8 24. Ng4 f5 25. Nf2 Rhg8 26. Kh2 Rh8 27. Bc2 Bc8 28. Rae1 Rhg8 29. exf5 gxf5 30. Nh3 Kg6 31. Qe2 Rf7 32. Ng1 Rh8 33. Kh3 Bb7 34. g4 Rhf8 35. Bxf5+ Rxf5 36. gxf5+ Rxf5 37. Qg4+ Kf6 38. h5 Qf7 39. Ne4+ Ke7 40. Kg3 Bc8 1-0

[Event "FRA-chT U20 0405"]
[Site "Lyon"]
[Date "2004.12.20"]
[Round "7.9"]
[White "Feller, Alice"]
[Black "Vernay, Gaspard"]
[Result "1-0"]
[WhiteElo "1520"]
[BlackElo "1120"]
[PlyCount "77"]
[EventDate "2004.11.??"]
[EventType "team"]
[EventRounds "7"]
[EventCountry "FRA"]
[SourceTitle "EXT 2006"]
[Source "ChessBase"]
[SourceDate "2005.11.24"]
[SourceVersion "1"]
[SourceVersionDate "2005.11.24"]
[SourceQuality "1"]
[WhiteTeam "Vandoeuvre"]
[BlackTeam "Lyon"]
[WhiteTeamCountry "FRA"]
[BlackTeamCountry "FRA"]

1. e4 e6 2. d4 d5 3. exd5 exd5 4. Nc3 Be6 5. Bd3 Be7 6. Nf3 Nf6 7. Bg5 Nbd7 8. 0-0 0-0 9. Re1 Re8 10. h3 h6 11. Bf4 c6 12. a3 Qb6 13. Rb1 a5 14. Ne2 Rac8 15. c3 c5 16. Qd2 c4 17. Bc2 Ne4 18. Bxe4 dxe4 19. Nh2 Bf5 20. Rbc1 Bd6 21. Bxd6 Qxd6 22. Ng3 e3 23. Rxe3 Rxe3 24. Qxe3 Rf8 25. Nxf5 Qb6 26. Rb1 Qb3 27. Qg3 g6 28. Nxh6+ Kg7 29. Qe3 Nf6 30. N6g4 Re8 31. Qd2 Nxg4 32. Nxg4 f5 33. Qh6+ Kf7 34. Qh7+ Ke6 35. Qxg6+ Kd7 36. Qxf5+ Ke7 37. Qe5+ Kf7 38. Nh6+ Kf8 39. Qf6# 1-0

[Event "FRA-chT U20 0405"]
[Site "Lyon"]
[Date "2004.12.19"]
[Round "5.10"]
[White "Feller, Alice"]
[Black "Pouillard, Cecile"]
[Result "1/2-1/2"]
[WhiteElo "1520"]
[BlackElo "1320"]
[PlyCount "99"]
[EventDate "2004.11.??"]
[EventType "team"]
[EventRounds "7"]
[EventCountry "FRA"]
[SourceTitle "EXT 2006"]
[Source "ChessBase"]
[SourceDate "2005.11.24"]
[SourceVersion "1"]
[SourceVersionDate "2005.11.24"]
[SourceQuality "1"]
[WhiteTeam "Vandoeuvre"]
[BlackTeam "Creteil"]
[WhiteTeamCountry "FRA"]
[BlackTeamCountry "FRA"]

1. e4 e5 2. Nf3 Nc6 3. Bc4 Nf6 4. Nc3 Nxe4 5. Nxe4 d5 6. d3 dxc4 7. dxc4 Qxd1+ 8. Kxd1 Bf5 9. Nc3 0-0-0+ 10. Bd2 Bc5 11. Rf1 Rd7 12. Kc1 Rhd8 13. a3 e4 14. Nh4 Rxd2 15. Nxf5 Rxf2 16. Rxf2 Bxf2 17. Nxe4 Nd4 18. Nxg7 Ne2+ 19. Kb1 Bd4 20. Nf5 a6 21. Ne7+ Kb8 22. Ka2 Re8 23. Re1 Nf4 24. Nf5 Bf6 25. g3 Ng6 26. Re3 Bh8 27. Nc5 Rxe3 28. Nxe3 Bd4 29. Nd7+ Kc8 30. c3 Bxe3 31. Nf6 Ne5 32. Nxh7 Nxc4 33. h4 c5 34. g4 Ne5 35. g5 Bxg5 36. Nxg5 Ng6 37. h5 Nh8 38. Kb3 Kc7 39. Kc4 Kd6 40. Kd3 Ke5 41. b4 Kd5 42. c4+ Kc6 43. Ke4 cxb4 44. axb4 Kd7 45. Kf5 Ke7 46. Nh7 b6 47. Kg5 b5 48. cxb5 axb5 49. Kh6 f5 50. Ng5 1/2-1/2

[Event "FRA-chT U20 0405"]
[Site "Lyon"]
[Date "2004.12.19"]
[Round "6.10"]
[White "Gonzalez, Claire"]
[Black "Feller, Alice"]
[Result "1/2-1/2"]
[WhiteElo "1090"]
[BlackElo "1520"]
[PlyCount "69"]
[EventDate "2004.11.??"]
[EventType "team"]
[EventRounds "7"]
[EventCountry "FRA"]
[SourceTitle "EXT 2006"]
[Source "ChessBase"]
[SourceDate "2005.11.24"]
[SourceVersion "1"]
[SourceVersionDate "2005.11.24"]
[SourceQuality "1"]
[WhiteTeam "Montpellier"]
[BlackTeam "Vandoeuvre"]
[WhiteTeamCountry "FRA"]
[BlackTeamCountry "FRA"]

1. e4 e6 2. Nc3 Nf6 3. d4 d5 4. e5 Nfd7 5. Nf3 c5 6. Be3 a6 7. g3 c4 8. Bg2 Nc6 9. 0-0 Be7 10. b3 b5 11. Rb1 0-0 12. Qd2 h6 13. Ne2 Re8 14. c3 a5 15. Ra1 a4 16. b4 a3 17. Qc1 Rf8 18. Nf4 Bb7 19. Nh3 Re8 20. Qd1 Rf8 21. Qe1 Ba6 22. Bc1 Bb7 23. Rb1 Re8 24. Qd1 Rf8 25. Qd2 f6 26. Re1 Bc8 27. Re3 Bb7 28. Qc2 Qe8 29. Bd2 Bc8 30. Rbe1 Bb7 31. Qc1 Bc8 32. Qb1 Bb7 33. Qc1 Bc8 34. Qb1 Bb7 35. Qc1 1/2-1/2

[Event "FRA-chT U20 0405"]
[Site "France"]
[Date "2004.11.21"]
[Round "3.10"]
[White "Feller, Alice"]
[Black "Antonnucci, Nicolas"]
[Result "1-0"]
[WhiteElo "1520"]
[BlackElo "1520"]
[PlyCount "70"]
[EventDate "2004.11.20"]
[EventType "team"]
[EventRounds "11"]
[EventCountry "FRA"]
[SourceTitle "CBM 103 Extra"]
[Source "ChessBase"]
[SourceDate "2005.01.01"]
[SourceVersion "1"]
[SourceVersionDate "2005.01.01"]
[SourceQuality "1"]

1. e4 e5 2. Nf3 Nc6 3. Bc4 Nf6 4. Ng5 d5 5. exd5 Nxd5 6. d3 h6 7. Ne4 Bd6 8. Bxd5 Bd7 9. Nbc3 0-0 10. 0-0 Rb8 11. Qf3 g5 12. Nf6+ Kg7 13. Nh5+ Kh8 14. Ne4 Be7 15. Nhf6 Nd4 16. Qh5 Kg7 17. h4 Nf5 18. hxg5 Be6 19. gxh6+ Kh8 20. g4 Bxf6 21. Nxf6 Qxf6 22. g5 Qg6 23. Qxg6 fxg6 24. Bxe6 Nd4 25. Bb3 Rf5 26. Bd5 c6 27. Be4 Rf7 28. c3 Ne2+ 29. Kh1 Nxc1 30. Raxc1 Rf4 31. Bxg6 Rg4 32. Rg1 Rh4+ 33. Kg2 Rg8 34. Kg3 Ra4 35. Kf3 Rxg6 1-0

[Event "FRA-chT U20 0405"]
[Site "France"]
[Date "2004.11.21"]
[Round "3.7"]
[White "Paci, Nicolas"]
[Black "Feller, Alice"]
[Result "1-0"]
[WhiteElo "1510"]
[BlackElo "1520"]
[PlyCount "91"]
[EventDate "2004.11.20"]
[EventType "team"]
[EventRounds "11"]
[EventCountry "FRA"]
[SourceTitle "CBM 103 Extra"]
[Source "ChessBase"]
[SourceDate "2005.01.01"]
[SourceVersion "1"]
[SourceVersionDate "2005.01.01"]
[SourceQuality "1"]

1. e4 e6 2. d4 d5 3. Nd2 Nd7 4. Bb5 c6 5. Bd3 Be7 6. Ne2 b6 7. 0-0 Ngf6 8. e5 Ng8 9. Nf3 Qc7 10. Be3 Bb7 11. Rc1 0-0-0 12. Qd2 f5 13. Nf4 Re8 14. Nxe6 Qb8 15. Nxg7 Rf8 16. Ne6 Rf7 17. Bg5 h6 18. Bxe7 Nxe7 19. Nh4 a6 20. h3 Qa7 21. Qf4 b5 22. c3 h5 23. Ng5 Rff8 24. e6 Nb6 25. Nf7 Rhg8 26. Nxf5 Re8 27. N5d6+ Kb8 28. Nxe8+ Ka8 29. Nc7+ Kb8 30. Nxb5+ Ka8 31. Nxa7 Kxa7 32. Qf6 Re8 33. Nd6 Rg8 34. Qxe7 Rb8 35. c4 dxc4 36. Bxc4 Na4 37. b3 Nb2 38. Rc2 Nxc4 39. Rxc4 a5 40. Rxc6 Ka8 41. Nxb7 Rg8 42. Ra6+ Kb8 43. d5 Rc8 44. Nd6 Rc7 45. Qd8+ Rc8 46. Qxc8# 1-0

[Event "FRA-chT U20 0405"]
[Site "France"]
[Date "2004.11.20"]
[Round "1.7"]
[White "Lantz, Robin"]
[Black "Feller, Alice"]
[Result "0-1"]
[WhiteElo "1240"]
[BlackElo "1520"]
[PlyCount "84"]
[EventDate "2004.11.20"]
[EventType "team"]
[EventRounds "11"]
[EventCountry "FRA"]
[SourceTitle "CBM 103 Extra"]
[Source "ChessBase"]
[SourceDate "2005.01.01"]
[SourceVersion "1"]
[SourceVersionDate "2005.01.01"]
[SourceQuality "1"]

1. e4 e6 2. Nc3 d5 3. exd5 exd5 4. d4 Nf6 5. Nf3 Nc6 6. Bb5 Bf5 7. 0-0 Be7 8. Ne5 Bd7 9. Bg5 Nxe5 10. dxe5 Ne4 11. Bxe7 Qxe7 12. Nxd5 Qxe5 13. Bxd7+ Kf8 14. Re1 Rd8 15. Nf4 Qxf4 16. Qf3 Qxf3 17. gxf3 Nxf2 18. Kxf2 Rxd7 19. Rad1 Rxd1 20. Rxd1 Ke7 21. c4 f5 22. b4 g5 23. Kg3 f4+ 24. Kg4 Kf6 25. h4 h5+ 26. Kh3 Re8 27. Rd3 Re1 28. hxg5+ Kxg5 29. Rd5+ Kg6 30. Rd7 Re3 31. c5 Rxf3+ 32. Kg2 Rg3+ 33. Kf2 h4 34. Rxc7 h3 35. Rc8 Rg2+ 36. Kf1 f3 37. b5 h2 38. Rg8+ Kf7 39. Rxg2 h1Q+ 40. Rg1 Qh3+ 41. Kf2 Qh2+ 42. Kf1 Qe2# 0-1

[Event "FRA-chT U20 0304"]
[Site "France"]
[Date "2004.05.01"]
[Round "10"]
[White "Ane, Cedric"]
[Black "Feller, Alice"]
[Result "1-0"]
[WhiteElo "1009"]
[BlackElo "1280"]
[PlyCount "97"]
[EventDate "2003.11.??"]
[EventType "team"]
[EventRounds "11"]
[EventCountry "FRA"]
[SourceTitle "EXT 2005"]
[Source "ChessBase"]
[SourceDate "2004.11.15"]
[SourceVersion "1"]
[SourceVersionDate "2004.11.15"]
[SourceQuality "1"]
[WhiteTeam "Clichy"]
[BlackTeam "Vandoeuvre"]
[WhiteTeamCountry "FRA"]
[BlackTeamCountry "FRA"]

1. e4 d6 2. d4 Nd7 3. Nc3 g6 4. Nf3 Bg7 5. Be2 Ngf6 6. 0-0 0-0 7. h3 c6 8. Be3 b5 9. a4 b4 10. Na2 a5 11. Bd3 Bb7 12. c3 c5 13. d5 Ba6 14. Bxa6 Rxa6 15. Qd3 Rb6 16. cxb4 axb4 17. Nc1 Rb8 18. Ne2 Qc7 19. Rfc1 Ra8 20. b3 Rfb8 21. Rab1 Rf8 22. Ng3 e5 23. Nd2 Qd8 24. Nc4 Qc7 25. Qd2 Nb6 26. Nxb6 Qxb6 27. Bh6 c4 28. Bxg7 Kxg7 29. Rxc4 Rfe8 30. Rxb4 Qa5 31. Qe1 Rab8 32. Rxb8 Qxe1+ 33. Rxe1 Rxb8 34. Rb1 Nd7 35. b4 Nb6 36. a5 Na4 37. a6 Rb6 38. b5 Rb8 39. a7 Ra8 40. b6 Nxb6 41. Rxb6 Rxa7 42. Rxd6 h5 43. Rc6 h4 44. Nf1 Ra4 45. f3 Ra8 46. d6 Rd8 47. Ne3 g5 48. Nf5+ Kf6 49. d7# 1-0

[Event "FRA-chT U20 0304"]
[Site "France"]
[Date "2004.05.01"]
[Round "9"]
[White "Feller, Alice"]
[Black "Guinard, Charline"]
[Result "1-0"]
[WhiteElo "1280"]
[BlackElo "1060"]
[PlyCount "29"]
[EventDate "2003.11.??"]
[EventType "team"]
[EventRounds "11"]
[EventCountry "FRA"]
[SourceTitle "EXT 2005"]
[Source "ChessBase"]
[SourceDate "2004.11.15"]
[SourceVersion "1"]
[SourceVersionDate "2004.11.15"]
[SourceQuality "1"]
[WhiteTeam "Vandoeuvre"]
[BlackTeam "Guingamp"]
[WhiteTeamCountry "FRA"]
[BlackTeamCountry "FRA"]

1. e4 e5 2. Nf3 Nc6 3. Bc4 Bc5 4. Nc3 Nf6 5. d3 0-0 6. Bg5 h6 7. Bh4 d6 8. Nd5 Bb4+ 9. c3 g5 10. cxb4 gxh4 11. Qd2 Re8 12. Qxh6 Re6 13. Ng5 Ng4 14. Qh7+ Kf8 15. Qxf7# 1-0

[Event "FRA-chT U20 0304"]
[Site "France"]
[Date "2004.04.30"]
[Round "8"]
[White "Feller, Alice"]
[Black "Lagarde, Maxime"]
[Result "0-1"]
[WhiteElo "1280"]
[BlackElo "1460"]
[PlyCount "59"]
[EventDate "2003.11.??"]
[EventType "team"]
[EventRounds "11"]
[EventCountry "FRA"]
[SourceTitle "EXT 2005"]
[Source "ChessBase"]
[SourceDate "2004.11.15"]
[SourceVersion "1"]
[SourceVersionDate "2004.11.15"]
[SourceQuality "1"]
[WhiteTeam "Vandoeuvre"]
[BlackTeam "Niort"]
[WhiteTeamCountry "FRA"]
[BlackTeamCountry "FRA"]

1. e4 c6 2. Nc3 d5 3. e5 Bf5 4. d4 e6 5. Nf3 c5 6. h3 h6 7. Be3 Nc6 8. a3 c4 9. Be2 Be7 10. Rb1 a6 11. Qc1 b5 12. Ra1 Rb8 13. b4 a5 14. bxa5 Nxa5 15. Rb1 b4 16. axb4 Bxb4 17. Bd2 Ne7 18. 0-0 Nec6 19. Na4 Be7 20. Nc5 Bxc5 21. dxc5 Rxb1 22. Qxb1 Nb3 23. Qd1 Nxc5 24. Be3 Ne4 25. Qc1 Nc3 26. Re1 Nxe2+ 27. Rxe2 d4 28. Bf4 d3 29. cxd3 Bxd3 30. Rd2 0-1

[Event "FRA-chT U20 0304"]
[Site "France"]
[Date "2003.11.23"]
[Round "3"]
[White "Feller, Alice"]
[Black "Paci, Nicolas"]
[Result "0-1"]
[WhiteElo "1280"]
[BlackElo "1340"]
[PlyCount "72"]
[EventDate "2003.11.??"]
[EventType "team"]
[EventRounds "11"]
[EventCountry "FRA"]
[SourceTitle "EXT 2005"]
[Source "ChessBase"]
[SourceDate "2004.11.15"]
[SourceVersion "1"]
[SourceVersionDate "2004.11.15"]
[SourceQuality "1"]
[WhiteTeam "Vandoeuvre"]
[BlackTeam "Mulhouse"]
[WhiteTeamCountry "FRA"]
[BlackTeamCountry "FRA"]

1. e4 c5 2. c3 Nf6 3. d3 h6 4. Nf3 Nc6 5. Nbd2 e5 6. Nb3 d6 7. Be3 Bg4 8. Be2 Qc7 9. d4 cxd4 10. cxd4 Nxe4 11. Bd3 Nf6 12. 0-0 0-0-0 13. Bc4 d5 14. Bd3 e4 15. Be2 exf3 16. Bxf3 Bxf3 17. Qxf3 Bd6 18. g3 Ne4 19. Nc5 Nd2 20. Bxd2 Nxd4 21. b4 Nxf3+ 22. Kg2 Nxd2 23. Rfc1 Kb8 24. Na6+ bxa6 25. Rxc7 Bxc7 26. Re1 Rhe8 27. Rd1 Nc4 28. Rb1 d4 29. a4 d3 30. Rd1 d2 31. b5 axb5 32. axb5 Nb2 33. Rb1 d1Q 34. Rxb2 Qd5+ 35. Kf1 Qe4 36. Ra2 Rd1# 0-1

[Event "FRA-chT U20 0304"]
[Site "France"]
[Date "2003.11.22"]
[Round "1"]
[White "Feller, Alice"]
[Black "Treand, Victor"]
[Result "0-1"]
[WhiteElo "1280"]
[BlackElo "1070"]
[PlyCount "56"]
[EventDate "2003.11.??"]
[EventType "team"]
[EventRounds "11"]
[EventCountry "FRA"]
[SourceTitle "EXT 2005"]
[Source "ChessBase"]
[SourceDate "2004.11.15"]
[SourceVersion "1"]
[SourceVersionDate "2004.11.15"]
[SourceQuality "1"]
[WhiteTeam "Vandoeuvre"]
[BlackTeam "Nancy"]
[WhiteTeamCountry "FRA"]
[BlackTeamCountry "FRA"]

1. e4 c5 2. c3 Nc6 3. Nf3 g6 4. Bc4 Bg7 5. d3 e6 6. Be3 b6 7. d4 cxd4 8. cxd4 Nge7 9. Nbd2 0-0 10. 0-0 d5 11. Bd3 dxe4 12. Bxe4 Ba6 13. Re1 Rc8 14. Nb3 Nd5 15. Bg5 Nf6 16. Qd2 Ne7 17. Bh6 Ng4 18. Bg5 Qd7 19. h3 Nf6 20. a4 Rc7 21. Bf4 Nxe4 22. Rxe4 Rc6 23. Be5 Rfc8 24. Rh4 Rc2 25. Qf4 Nd5 26. Qe4 Re2 27. Qxe2 Bxe2 28. Ng5 Bxe5 0-1